Современные проблемы невропатологии и психиатрии. [... за 1965 - июль 1967 г.] (Запись № 8496297)

Подробности
000 -МАРКЕР
контрольное поле 01355nam2a22002651 4500
001 - ИДЕНТИФИКАТОР ЗАПИСИ
контрольное поле rc\4791912
005 - ИДЕНТИФИКАТОР ВЕРСИИ
контрольное поле 20250612215404.0
021 ## - НОМЕР ГОСУДАРСТВЕННОЙ РЕГИСТРАЦИИ
Код страны российская федерация
Номер [67-105540]
035 ## - ДРУГИЕ СИСТЕМНЫЕ НОМЕРА
Идентификатор записи (NLR Aleph) 008866834
100 ## - ДАННЫЕ ОБЩЕЙ ОБРАБОТКИ
Данные общей обработки 20130426d1967 |||y0rusy50 ca
101 0# - ЯЗЫК РЕСУРСА
Язык текста, звукозаписи и т.д. русский
102 ## - СТРАНА ПУБЛИКАЦИИ ИЛИ ПРОИЗВОДСТВА
Страна публикации российская федерация
105 ## - ПОЛЕ КОДИРОВАННЫХ ДАННЫХ: ТЕКСТОВЫЕ МАТЕРИАЛЫ, МОНОГРАФИЧЕСКИЕ
Кодированные данные о монографическом текстовом документе y z |||||
200 0# - ЗАГЛАВИЕ И СВЕДЕНИЯ ОБ ОТВЕТСТВЕННОСТИ
Основное заглавие [... за 1965 - июль 1967 г.]
Первые сведения об ответственности Сост. канд. мед. наук Г.В. Рыжиков, Е.Я. Чернина
210 ## - ПУБЛИКАЦИЯ, РАСПРОСТРАНЕНИЕ И ДР.
Дата издания, распространения и т.д. 1967
Место издания, распространения и т.д. Б. м.
215 ## - ФИЗИЧЕСКАЯ ХАРАКТЕРИСТИКА
Специфическое обозначение материала и объем 100 с.
461 #0 - УРОВЕНЬ НАБОРА
Встроенное поле 001rc\4791911
-- 2001#$aСовременные проблемы невропатологии и психиатрии$e[Указатель литературы за...]$fМ-во здравоохранения СССР. Гос. центр. науч. мед. б-ка$v[... за 1965 - июль 1967 г.]
Системный номер (АБИС) связанной записи 8496292
Место публикации Москва
Дата публикации 1967
Первые сведения об ответственности М-во здравоохранения СССР. Гос. центр. науч. мед. б-ка
Имя издателя, распространителя и т.д. Б. и.
Сведения, относящиеся к заглавию [Указатель литературы за...]
Заглавие Современные проблемы невропатологии и психиатрии
Номер тома [... за 1965 - июль 1967 г.]
702 #1 - ИМЯ ЛИЦА - ВТОРИЧНАЯ ОТВЕТСТВЕННОСТЬ
Начальный элемент ввода Чернина
Часть имени, кроме начального элемента ввода Е.Я.
Код отношения Составитель
702 #1 - ИМЯ ЛИЦА - ВТОРИЧНАЯ ОТВЕТСТВЕННОСТЬ
Начальный элемент ввода Рыжиков
Часть имени, кроме начального элемента ввода Г.В.
Код отношения Составитель
801 #0 - ИСТОЧНИК ЗАПИСИ
Страна российская федерация
Организация NLR
Правила каталогизации psbo
801 #1 - ИСТОЧНИК ЗАПИСИ
Страна российская федерация
Организация ELAR
Источник данных rusmarc
852 ## - МЕСТОНАХОЖДЕНИЕ И ШИФР ХРАНЕНИЯ
Идентификатор организации NLR
Шифр хранения (Call Number) С289-420/С-56
942 ## - ДОПОЛНИТЕЛЬНЫЕ ЭЛЕМЕНТЫ ЗАПИСИ (АБИС)
Тип экземпляра АБИС Книга
980 ## - КОЛЛЕКЦИЯ
Название коллекции Национальная библиография
Экземпляры
Тип экземпляра Дата поступления Библиотека постоянного хранения Библиотека текущего хранения Место хранения Шифр хранения Штрих-код Статус не для выдачи
Книга 26.10.2013 РНБ (Московский) РНБ (Московский) Центральная справочная библиотека С289-420/С-56 1-3944758  
Книга 03.07.2023 РНБ (Московский) РНБ (Московский) Центральная справочная библиотека С289-420/С-56 1-4302386